Statistics for Historical People by Picture Marathon

Click here to take the quiz!

General Stats

  • This quiz has been taken 51 times
  • The average score is 4 of 24

Answer Stats

Answer% Correct
Abraham Lincoln
100%
Leonardo da Vinci
54%
Leonid Brezhnev
46%
Genghis Khan
41%
Francisco Franco
38%
Wilhelm II
31%
Benny Hill
23%
Duke of Wellington
23%
Niccolò Machiavelli
23%
Peter the Great
18%
Davy Crockett
10%
Hannibal Barca
10%
James Watt
8%
Qin Shi Huang
8%
Basil II Porphyrogenitus
3%
Cato the Elder
3%
Tecumseh
3%
Boris Godunov
0%
Camillo Benso di Cavour
0%
Cuthbert Collingwood
0%
Robert the Bruce
0%
Thomas Becket
0%
Wyatt Earp
0%
Yongle
0%

Score Distribution

Percentile by Number Answered

Percent of People with Each Score

Your Score History

You have not taken this quiz